Online
Catalog

Ximenez de Quesada en su relación con los cronistas : (Record no. 41440)

MARC details
000 -CABECERA
campo de control de longitud fija 00837nam a2200181 a 4500
001 - NÚMERO DE CONTROL
campo de control 000041951
005 - FECHA Y HORA DE LA ÚLTIMA TRANSACCIÓN
campo de control 20201002035841.0
008 - DATOS DE LONGITUD FIJA--INFORMACIÓN GENERAL
campo de control de longitud fija 131024s1972 sp a 000 0 spa d
040 ## - FUENTE DE LA CATALOGACIÓN
Centro catalogador/agencia de origen DO-SdBNP
Lengua de catalogación spa
Centro/agencia transcriptor BNPHU
082 ## - NÚMERO DE LA CLASIFICACIÓN DECIMAL DEWEY
Número de clasificación xxx
Número de documento/Ítem xxx
100 1# - ENTRADA PRINCIPAL--NOMBRE DE PERSONA
Nombre de persona Ramos, Demetrio
9 (RLIN) 46892
245 10 - MENCIÓN DE TÍTULO
Título Ximenez de Quesada en su relación con los cronistas :
Resto del título y el Epítome de la conquista del Nuevo Reino de Granada /
Mención de responsabilidad, etc. Demetrio Ramos Pérez.
260 ## - PUBLICACIÓN, DISTRIBUCIÓN, ETC.
Lugar de publicación, distribución, etc. Sevilla :
Nombre del editor, distribuidor, etc. Escuela de Estudios Hispano-Americanos,
Fecha de publicación, distribución, etc. 1972.
300 ## - DESCRIPCIÓN FÍSICA
Extensión xxiii, 329 p. ;
Dimensiones 25 cm.
490 1# - MENCIÓN DE SERIE
Mención de serie Publicaciones de la escuela de Estudios Hispano-Americanos de la Universidad de Sevilla
Designación de volumen o secuencia 202
500 ## - NOTA GENERAL
Nota general Incluye referencias bibliográficas y notas al pie de las páginas
830 #0 - PUNTO DE ACCESO ADICIONAL DE SERIE-TÍTULO UNIFORME
Título uniforme Publicaciones de la Escuela de Estudios Hispano-Americanos de la Universidad de Sevilla
Número de parte o sección de la obra 202
9 (RLIN) 68870
Holdings
Estado de retiro Estado de pérdida Restricciones de uso No para préstamo Código de colección Localización permanente Ubicación/localización actual Ubicación en estantería Fecha de adquisición Número de inventario Total de préstamos Signatura topográfica completa Código de barras Fecha visto por última vez Precio válido a partir de Tipo de ítem Koha
      Excluido de préstamo Monografías: Libros y Folletos General General En catalogación 24.10.2013 LF1   xxx xxx 41951-10 25.06.2020 25.06.2020 No se presta

Powered by Koha